00421nam a2200157Ia 4500003000400000005001700004008004000021040000700061041001200068082001500080100001800095245006000113260005900173300000800232700002300240OSt20240611093030.0210210b1983 xxu||||| |||| 00| 0 eng d cAL aEnglish a371.2 NATA aNATARAJAN (V) aAssessing non scholastic aspects of learners behaviour. aNew Delhi.bAssociation of Indian Universities.,c1983 a129 aKULSHRESHTA (S P).